01498nam0a22002651 4500001001100000005001700011021001700028021001900045035002600064100004100090101001300131102000700144105001800151200041000169210003400579215002700613311007900640454009600719532013300815702010500948712012101053801001801174801002201192852001801214rc\377567820260407144601.0 aRUb75-92337 aRUbРг984-76 a(NLR Aleph) 007223322 a20120127d1975 |||y0rusy50 ca1 arusceng aRU ab z |||||1 aДеятельность национальной службы погоды СШАe[Доклад]eПер. с англ.f[Под ред. д. ф.-м. н. Г.В. Груза]gГл. упр. гидрометеорол. службы при Совете Министров СССР. ВНИИ гидрометеорол. информации. Мировой центр данных. Информ. центр aОбнинскcБ. и.d1975 a224 с.cкарт.d26 aНа обороте тит. л.: Operation of the national weather service 012001#$aOperation of the national weather servicetOperation of the national weather service12aДеятельность национальной службы погоды Соединенных Штатов Америки 143407ca8rusaГрузаbГ. В.f1931-gГеоргий Вадимович3RU\NLR\AUTH\77014504702aВНИИ гидрометеорологической информацииcОбнинск3RU\NLR\AUTH\8810019466 0aRUbNLRgpsbo 1aRUbELAR2rusmarc aNLRj76-7/117